00311nam a2200133Ia 4500100001500000650002000015366000700035654002000042245003700062260004100099082001700140300000800157546001200165 aGarde/R.J  aFluid Mechanics f20 afluid mechanics aFluid Mechanics through Problems bNew Age Int (P) LtdaMumbaic2006 a532/GARbGAR a632 aENGLISH